Τα βουνά των θεών = The mountains of gods
Αποθηκεύτηκε σε:
| Κύριος συγγραφέας: | |
|---|---|
| Άλλοι συγγραφείς: | |
| Μορφή: | Βιβλίο |
| Γλώσσα: | Greek English |
| Δημοσίευση: |
Αθήνα :
Φυτράκη,
c2007
|
| Θέματα: | |
| Ετικέτες: |
Προσθήκη ετικέτας
Δεν υπάρχουν, Καταχωρήστε ετικέτα πρώτοι!
|
MARC
| LEADER | 00000cam a2200000 i 4500 | ||
|---|---|---|---|
| 001 | 1/91003 | ||
| 008 | 080714s2007 gre d | ||
| 020 | |a 960-535-494-2 | ||
| 035 | |l 10098953 | ||
| 040 | |a GR-MY-UA |b gre |e aacr | ||
| 041 | 0 | |a gre |a eng | |
| 082 | 0 | |a 551.43209495 |2 (22) | |
| 100 | 1 | |a Ευθυμίου, Βαγγέλης. | |
| 245 | 1 | 3 | |a Τα βουνά των θεών = |b The mountains of gods / |c Βαγγέλης Ευθυμίου ; κείμενα: Αντώνης Ιορδάνογλου |
| 246 | 3 | 4 | |a Ελλάς |b ; τα βουνά των Θεών |
| 260 | |a Αθήνα : |b Φυτράκη, |c c2007 | ||
| 300 | |a 261 σ.; |b έγχρ. εικ.; |c 33 εκ. | ||
| 650 | 0 | 0 | |a Mountains |z Greece |x Pictorial works. |
| 700 | 1 | |a Ιορδάνογλου, Αντώνης, |d 1965- | |
| 852 | |a INST |b SYROS |e 20080714 |h 551.43209495 ΕΥΘ |p 005500005662 |q 005500005662 |t BK |y 0 | ||
| 901 | |a BIBL5-2008-2 | ||
| 909 | |a Ε |b 133794 | ||
| 922 | |a 5ΕΛΗ |b 200709 |c ΒΙΒΛΙΟΘΗΚΗ ΣΥΡΟΥ |d GLORYBOOK | ||
| 970 | |a ΚΑΓΙΑΒΑ |b ΕΙΡΗΝΗ |z 2008/07/14 | ||